Hürth Stadtteile-Quiz - Statistiken

Allgemein
  • Dieses Quiz wurde 38 mal gespielt
  • Das Durchschnittsergebnis liegt bei 8 aus 12
Antwortstatistiken
Antwort % Korrekt
Efferen
86%
Alt-Hürth
82%
Hermülheim
82%
Fischenich
68%
Knapsack
68%
Stotzheim
68%
Gleuel
64%
Alstädten-Burbach
61%
Kalscheuren
61%
Berrenrath
57%
Kendenich
57%
Sielsdorf
54%
Keine übereinstimmenden Quizze gefunden
Verteilung der Resultate
Anzahl Personen mit jedem Resultat
Perzentil nach korrekt beantworteten Fragen
Ihre Resultats-Entwicklung
Sie haben dieses Quiz noch nicht gespielt